[Event "EU-ch U14"]
[Site "Prague"]
[Date "2012.08.21"]
[Round "5"]
[White "Inan, Canberk"]
[Black "Suleymanli, Ramazan Yunus Oglu"]
[Result "1-0"]
[WhiteElo "1673"]
[BlackElo "1750"]
[PlyCount "97"]
[EventDate "2012.08.17"]
[EventType "swiss"]
[EventRounds "9"]
[EventCountry "CZE"]
[SourceTitle "CBM 150 Extra"]
[Source "ChessBase"]
[SourceDate "2012.10.19"]
[SourceVersion "1"]
[SourceVersionDate "2012.10.19"]
[SourceQuality "1"]

1. e4 e6 2. d4 d5 3. Nd2 c5 4. exd5 exd5 5. Ngf3 Nc6 6. Bb5 Bd6 7. dxc5 Bxc5 8. c3 Nge7 9. 0-0 0-0 10. Nb3 Bd6 11. Bg5 Qc7 12. Bd3 Bg4 13. Bxe7 Bxe7 14. Be2 Rad8 15. h3 Bh5 16. Nbd4 Bg6 17. Bd3 Bf6 18. Bxg6 hxg6 19. Qd2 Rfe8 20. Rfe1 Re4 21. Re2 Qb6 22. Nxc6 Rxe2 23. Qxe2 bxc6 24. g4 g5 25. h4 g6 26. hxg5 Bg7 27. Rc1 a5 28. Kg2 Rb8 29. Qd2 Qb5 30. Nd4 Qb6 31. f4 c5 32. Nf3 Qe6 33. Kg3 a4 34. Re1 Qd6 35. Ne5 a3 36. b3 d4 37. Nf3 dxc3 38. Re8+ Rxe8 39. Qxd6 Re2 40. Qxc5 Rxa2 41. f5 c2 42. f6 Bf8 43. Qc4 Bd6+ 44. Kh3 c1Q 45. Qxc1 Rf2 46. Qc8+ Kh7 47. Qe8 Rxf3+ 48. Kg2 Rxf6 49. gxf6 1-0

[Event "EU-ch U14"]
[Site "Prague"]
[Date "2012.08.19"]
[Round "3"]
[White "Inan, Canberk"]
[Black "Miculka, David"]
[Result "0-1"]
[WhiteElo "1673"]
[BlackElo "1915"]
[PlyCount "156"]
[EventDate "2012.08.17"]
[EventType "swiss"]
[EventRounds "9"]
[EventCountry "CZE"]
[SourceTitle "CBM 150 Extra"]
[Source "ChessBase"]
[SourceDate "2012.10.19"]
[SourceVersion "1"]
[SourceVersionDate "2012.10.19"]
[SourceQuality "1"]

1. e4 c5 2. c3 d5 3. exd5 Qxd5 4. d4 Nc6 5. Nf3 e5 6. Nxe5 Nxe5 7. dxe5 Qxe5+ 8. Be3 Bd7 9. Qb3 Bc6 10. Bb5 Qc7 11. Nd2 Nf6 12. Qa4 Rc8 13. Nf3 Bd6 14. 0-0-0 a6 15. Bxc6+ Qxc6 16. Qxc6+ Rxc6 17. Rhe1 Be7 18. Bf4 Re6 19. Rxe6 fxe6 20. Re1 Nd5 21. Bg3 Kf7 22. Ne5+ Ke8 23. Rd1 Bf6 24. c4 Nb4 25. a3 Bxe5 26. Bxe5 Nc6 27. Bc7 Rf8 28. f3 Rf5 29. Kb1 h5 30. Re1 Kd7 31. Bg3 g5 32. h4 gxh4 33. Bxh4 Rf4 34. Re4 Rxe4 35. fxe4 Na5 36. Bf2 Nxc4 37. Bxc5 Nd2+ 38. Kc2 Nxe4 39. Be3 Kd6 40. Kd3 Kd5 41. b3 e5 42. a4 Nf6 43. b4 Ng4 44. Bb6 e4+ 45. Kc3 e3 46. Kd3 Ne5+ 47. Ke2 Nc4 48. Bd8 Ke4 49. Bg5 Kd4 50. Bf6+ Ke4 51. Bg5 Nb2 52. Bxe3 Nxa4 53. Bh6 Nc3+ 54. Kf2 Nd5 55. Bf8 h4 56. Kg1 Kf4 57. Kf2 Kg4 58. Bd6 Nf4 59. Bf8 b6 60. Bd6 a5 61. bxa5 bxa5 62. Bc7 a4 63. Bd6 Nd5 64. Ke2 Nc3+ 65. Kd3 Nb5 66. Be5 Kf5 67. Bg7 a3 68. Kc4 Nc7 69. Kb3 Nd5 70. Kxa3 Ne3 71. Bd4 Nxg2 72. Bf2 h3 73. Bg3 Kg4 74. Bh2 Ne3 75. Bg1 Nf1 76. Kb3 Kf3 77. Kc2 Kg2 78. Bh2 Nxh2 0-1